| 000 | 00964nam a2200301 a 4500 | ||
|---|---|---|---|
| 001 | vtls001192532 | ||
| 003 | NLI | ||
| 005 | 20210603151048.0 | ||
| 008 | 120328s1907 enka 000 0 eng d | ||
| 039 | 9 |
_y201203281643 _zVLOAD |
|
| 040 |
_a NLI _b eng _c Entertech IMP - 2012 _e AACR2 |
||
| 041 | 0 | _aeng | |
| 044 | _aenk | ||
| 084 | _a131.E.41 | ||
| 100 | 1 |
_aZeda, Umberto _9626160 |
|
| 245 | 1 | 0 |
_aTelephones and lightning conductors / _cUmberto Zeda ; translated by S. R. Bottone |
| 260 |
_aLondon : _bGulbrt Pitman, _c1907 |
||
| 300 |
_a100 p. : _bill. ; _c19 cm. |
||
| 650 | 0 |
_aTelephone _xHandbooks, manuals, etc _97422 |
|
| 650 | 0 |
_aTelephone lines _xDesign and construction _938359 |
|
| 650 | 0 |
_aLightning conductors _xDesign and construction _9626161 |
|
| 700 | 1 |
_aBottone, S. R, _4trl. _9626162 |
|
| 887 | _a | ||
| 901 |
_aIMP78294 : _b13.10.2010 |
||
| 902 | _a131.E.41 | ||
| 942 |
_2ddc _cBKS |
||
| 949 |
_AVIRTUAITEM _D10000 _X100 _6IMP000078294ENG |
||
| 999 |
_c463537 _d463537 |
||